CRoW Act - correction to Area 2 provisional map (lower Northwest England) (Record no. 73699)

MARC details
000 -LEADER
fixed length control field 01160cam a2200229 4500
001 - CONTROL NUMBER
control field WB3941-01
008 - FIXED-LENGTH DATA ELEMENTS--GENERAL INFORMATION
fixed length control field 031029n2003 000 0 eng u
035 ## - SYSTEM CONTROL NUMBER
System control number (Sirsi) u124165
245 ## - TITLE STATEMENT
Title CRoW Act - correction to Area 2 provisional map (lower Northwest England)
260 ## - PUBLICATION, DISTRIBUTION, ETC.
Date of publication, distribution, etc. 2003
490 ## - SERIES STATEMENT
Series statement RICS Rural Faculty News
Volume/sequential designation 27 October 2003 (1)
520 ## - SUMMARY, ETC.
Summary, etc. The Countryside Agency has announced that there has been an error in the provisional map for Area 2 (lower northwest England). A correction of Area 2 was made on 1 October 2003. For further information regarding the corrected map, contact the Countryside Agency helpline on t +44 (0)845 100 3298 or the Countryside Agency's mapping website http://www.countryside.gov.uk/access/mapping. RICS Rural Faculty news story at http://www.rics.org/ricscms/bin/show?class=News&template=/includes/shownews.html&id=7405&faculty=Rural&faculty=All Faculties.
590 ## - LOCAL NOTE (RLIN)
Local note WB
650 ## - SUBJECT ADDED ENTRY--TOPICAL TERM
Topical term or geographic name entry element COUNTRYSIDE AGENCY
650 ## - SUBJECT ADDED ENTRY--TOPICAL TERM
Topical term or geographic name entry element MAPPING
650 ## - SUBJECT ADDED ENTRY--TOPICAL TERM
Topical term or geographic name entry element NORTHWEST ENGLAND
650 ## - SUBJECT ADDED ENTRY--TOPICAL TERM
Topical term or geographic name entry element ACCESS TO THE COUNTRYSIDE
650 ## - SUBJECT ADDED ENTRY--TOPICAL TERM
Topical term or geographic name entry element CORRECTION
650 ## - SUBJECT ADDED ENTRY--TOPICAL TERM
Topical term or geographic name entry element CROW ACT
690 ## - LOCAL SUBJECT ADDED ENTRY--TOPICAL TERM (OCLC, RLIN)
Topical term or geographic name as entry element Boundary disputes
9 (RLIN) 6221
942 ## - ADDED ENTRY ELEMENTS (KOHA)
Suppress in OPAC 0
Holdings
Withdrawn status Lost status Source of classification or shelving scheme Damaged status Not for loan Home library Current library Shelving location Date acquired Total Checkouts Full call number Barcode Date last seen Copy number Price effective from Koha item type
    Dewey Decimal Classification     London London News article 29/10/2003   WB3941-01 124165-1001 06/08/2019 1 06/08/2019 News article